| 000 | 01178nam a22002657a 4500 | ||
|---|---|---|---|
| 005 | 20110725120732.0 | ||
| 008 | 110725t xxu||||| |||| 00| 0 mar d | ||
| 010 | _aMAR-21132 | ||
| 020 |
_c50.00 _a8172944969 |
||
| 035 | _aMR-13790 | ||
| 037 | _bDBAD/PUB | ||
| 040 |
_aDPL _bMR |
||
| 082 | _a158.1 | ||
| 100 |
_930018 _aसंगोराम,सेतुमाधव |
||
| 245 |
_aयशाचं मानसशास्त्र / _cसेतुमाधव संगोराम |
||
| 246 |
_aYashacha Manasshastra _bby Setumadhav Sangoramr |
||
| 250 | _aचौथी आवृती | ||
| 260 |
_aपुणे _bदिलीपराज प्रकाशन _c2009 |
||
| 270 |
_a251 क, शनिवार पेठ _bपुणे _e411030 |
||
| 300 |
_a75पृ _c22सेमी(अजिल्द) |
||
| 650 |
_aव्यक्तिमत्व विकास _930036 |
||
| 650 |
_aPersonality Development _930037 |
||
| 942 |
_2ddc _cMR _mसंगोरा _h158.1 |
||
| 999 |
_c54338 _d54338 |
||